000
00209 a2200097 4500
020
_a
9780545926065
041
_a
spa
100
_a
lucille Colandro
245
_a
un dia una seò¨ra se trago una rana
942
_c
K
999
_c
30244
_d
30242